00581nam a2200157 a 450000100100000000500170001000800410002704000250006810000280009324500750012126000760019630000200027204900090029295201050030199900170040600002797720200930031241.0110406s1959 dr 000 0 spa d aDO-SdBNPbspacBNPHU1 aCucurollo, Oscar95503810aLista de mariposas (RHOPALOCERA) de Santo Domingo. /cOscar Cucurullo. aCiudad Trujillo, República Dominicana :bImpresora Dominicana,c1959. a15 p. ;c25 cm. aBNPD 0010718PDaPDbPDcCTd2011-04-06iLF1l0o p27977-10r2020-06-25w2020-06-25yLFPDZNo se presta c27469d27469